000 01590nam a2200313 a 4500
001 000004305
003 DO-SdBNP
005 20260305073956.0
008 090721s2004 dr r 000 0 spa d
020 _a9993404411
040 _aDO-SdBNP
_bspa
_cBNPHU
082 4 _a324.22
_bS498q
_222
100 1 _aSeverino Guerrero, Miguel,
_d1967-
_912710
245 1 0 _a500 razones para que Leonel Fernández retorne al poder /
_cMiguel Severino ; prólogo Miguel Zeyna Jiménez.
246 0 _aQuinienta razones para que Leonel Fernández retorne al poder.
260 _aSanto Domingo :
_bBúho,
_c2004.
300 _a88 p. ;
_c22 cm.
500 _aIncluye datos biográficos del autor en las solapas
505 0 _gPrólogo /
_rMiguel Zeyna Jiménez --
_tLas primeras y fundamentales razones para el retorno del doctor Leonel Fernández al poder --
_tPensamientos y principios morados -
_tLos del triunfo morado --
_tLos por qué justificativos del retorno al poder del doctor Leonel Fernández Reyna --
_tDécimas, cuartetos y slogan´s para caricaturizar mejor la realidad dominicana y un eventual triunfo del doctor Leonel Fernández Reyna en el 2004.
590 _aInventariado, 2019/MFF
600 1 0 _aFernández, Leonel,
_d1953-
_97291
650 4 _aReelección presidencial
_912711
650 4 _aPartido de la liberación dominicana
_91909
650 4 _aTácticas políticas
_zRepública Dominicana
_93009
651 0 _aRepública Dominicana
_xPolítica y gobierno
_945
700 1 _aZeyna Jiménez, Miguel,
_epról.
_912712
910 _aValidado. Control de calidad. EMS
942 _2ddc
_cLBS1
999 _c4114
_d4114